|
|
|
|
| LEADER |
00000nam a22000007a 4500 |
| 005 |
2012092506416.0 |
| 007 |
cr|||| |||| |
| 008 |
120925s2011 sp |||||s|||| 00||0 spa d |
| 020 |
|
|
|a 978-84-15455-16-5
|
| 035 |
|
|
|a 6309
|
| 040 |
|
|
|a vLex
|
| 090 |
|
|
|c 3472
|d 3472
|
| 100 |
1 |
|
|a Condesso, Fernando
|
| 245 |
1 |
0 |
|a Derecho a la informacin̤. Crisis del sistema polt̕ico
|h [Recurso electrn̤ico] :
|b Transparencia de los Poderes Pb︢licos /
|c Fernando Condesso
|
| 256 |
|
|
|a Servicio en ln̕ea
|
| 260 |
|
|
|a Madrid :
|b Dykinson,
|c 2011
|
| 300 |
|
|
|a 1 recurso electrn̤ico
|
| 506 |
1 |
|
|a Contenido solo disponible en los productos indicados
|d vLex Global
|d vLex Global (Academic Edition, excluding Law Schools)
|d vLex Global (U.S. Academic Edition, Law Schools)
|d vLex Global (U.S. Academic Edition, excluding Law Schools)
|d vLex Global (Academic Edition, Law Schools)
|
| 650 |
0 |
4 |
|a Libertad de informacin̤
|
| 650 |
0 |
4 |
|a Transparencia polt̕ica
|
| 740 |
0 |
|
|a vLex Libros (Servicio en ln̕ea)
|
| 856 |
4 |
0 |
|u http://vlex.com/source/derecho-informacion-crisis-sistema-politico-transparencia-poderes-publicos-6309
|z Acceso restringido
|
| 942 |
|
|
|c BOOK
|
| 999 |
0 |
|
|a Freedom of information
|
| 999 |
0 |
|
|a Transparency in government
|